A lagarta que rugia (Registo nº 6043)

Detalhes MARC
000 -Etiqueta do registo
Valores 00996nam a2200229 4500
010 ## - Número ISBN
ISBN 9722618776
100 ## - Dados gerais de processamento
Dados gerais 20211231d2000 a||y0pory5003 ba
200 1# - Titulo e menção de responsabilidade
Título próprio A lagarta que rugia
Primeira menção de responsabilidade Michael Lawrence
Outras menções de responsabilidade tradução de Marlene Campos
210 ## - Publicação
Local de publicação Porto
Nome do editor Civilização
Data de publicação 2000
215 ## - Descrição física 
Paginação / Volumes [28]p
Outras indicações físicas il
Dimensões 25cm
225 2# - Colecção 
Título próprio da colecção Histórias para Partilhar
Indicação de volume 2
330 ## - Sumário ou Resumo
Texto da nota o Hugo é uma lagarta que queria ser um leão. Ele finge que sacode a juba e ruge como um leão, mas os seus amigos riem-se dele. Então, o Hugo consegue convencer o Óscar, o peixe, de que é mesmo um leão... e os resultados são surpreendentes.<br/>As crianças vão rir-se com o Hugo enquanto aprendem que serem elas próprias é o mais importante.
606 ## - Nome comum usado como assunto
ID Autoridade 14
Palavra de ordem Literatura infantil
606 ## - Nome comum usado como assunto
ID Autoridade 13
Palavra de ordem Literatura Estrangeira
675 ## - CDU
Notação 82-93
Edição BN
Língua por
675 ## - CDU
Notação 821.1/.8
Edição BN
Língua por
700 ## - Autor principal (pessoa individual)
Apelido Lawrence
Nome Michael
ID Autoridade 5737
801 #0 - Fonte de origem
País PT
Agência BMVN
Regras de catalogação RPC
830 ## - Notas gerais do catalogador
Criado por Ana Caetano
Data de criação 31/12/2021
990 ## - Elementos KOHA
Tipo de documento Livro
Exemplares
Situação do levantamento Biblioteca de origem Código de barras Cota Permissão de empréstimo Tipo de documento Forma de aquisição
  Biblioteca Municipal de Vendas Novas 100000025738 LI EST/LAW   Livro  

Powered by Koha